000 00995cam a22002777a 4500
040 _cSDB
082 0 0 _a333 FAO 2007 C101 Or.
245 0 0 _aBioenergy and agriculture :
_bpromises and challenges /
260 _aWashington, D.C. :
_bInternational Food Policy Research Institute,
_cc2006.
300 _a[24] p. :
_bill. ;
_c28 cm.
490 1 _aFocus ;
500 _aCover title.
500 _a"December 2006"--P. [4] of cover.
500 _a"2020 Vision for Food, Agriculture, and the Environment."
500 _a"teri, The Energy and Resources Institute."
650 0 _aEnergy development
650 0 _aBiomass energy
650 0 _aAgriculture and energy
700 1 _aHazell, P. B. R.
700 1 _aPachauri, R. K.
710 2 _aInternational Food Policy Research Institute.
710 2 _a2020 Vision for Food, Agriculture, and the Environment.
710 2 _aEnergy and Resources Institute.
856 4 1 _uhttp://www.ifpri.org/2020/focus/focus14/focus14.pdf
942 _cAEDBB
999 _c20823
_d20823